000 01080nam a2200277 i 4500
001 125257
003 ES-MaACL
005 20250825062605.0
007 t|
008 070508s1927 sp |||| | spa d
080 _a821.134.2-22"19"
100 1 _aMartínez Sierra, Gregorio,
_d1881-1947
_978429
245 1 0 _aMamá :
_bcomedia en tres actos /
_cG. Martínez Sierra.
260 _aMadrid :
_bPrensa Moderna,
_c1927.
300 _a70 p. ;
_c17 cm.
490 1 _aEl teatro moderno ;
_v117
530 _aDisponible en formato digital.
594 _aObra en colaboración entre Gregorio Martínez Sierra y María Lejárraga (María Martínez Sierra)
594 _aEstrenada en el Teatro de la Princesa, de Madrid, el 3 de marzo de 1913.
700 1 _aMartínez Sierra, María,
_d1874-1974
_978430
830 1 3 _aEl teatro moderno (Prensa Moderna)
_v117
_9182365
852 4 _aES-MaACL
_j2224-F-2
_cDEPOF
_zRevisado enlace: 29 de Abril de 2025
856 4 _uhttps://archive.org/details/mamacomediaentre3438mart
_yInternet Archive
942 _2udc
999 _c125257
_d125257